| 000 | 00482nam a2200169Ia 4500 | ||
|---|---|---|---|
| 008 | 230917s9999||||xx |||||||||||||| ||und|| | ||
| 020 | _cRS1195 | ||
| 040 |
_e258765 _aMAIN |
||
| 041 | _aEnglish | ||
| 082 | _a387.7422 S23F | ||
| 100 | _aSingh, Ratandeep | ||
| 245 | 0 | _aFlight reservation and tour operation | |
| 260 |
_aNew Delhi _bKanishka Publishers, Distributors _c2015 |
||
| 300 | _aviii, 380 p. | ||
| 500 | _a3690 30/10/2019 UBC19/9679 18/11/2019 Main Budget | ||
| 942 | _cBK | ||
| 999 |
_c33561 _d33561 |
||